|
|
|
|
| LEADER |
00000cam a2200000 7i4500 |
| 001 |
0000004924 |
| 005 |
20151222.0 |
| 008 |
070731 |
| 020 |
|
|
|a 0709707916
|
| 020 |
|
|
|a 9780709707912
|
| 090 |
0 |
0 |
|a JF
|b ANM ENG (4363)
|
| 100 |
1 |
|
|a Clark,Colin
|
| 245 |
1 |
0 |
|a My first book of dinosaurs :
|b and other prehistiric animals
|c Colin Clark
|
| 260 |
|
|
|a England :
|b Brown Watson ,
|c 2001
|
| 500 |
|
|
|a Children ages 7-9 years old (orange)
|
| 650 |
|
0 |
|a Dictionary
|
| 650 |
|
0 |
|a Junior fiction
|x English
|x Languages
|
| 999 |
|
|
|a 0000769861
|b Book
|c Children Collection
|e Cawangan Bandar Penawar
|
| 999 |
|
|
|a 0000769862
|b Book
|c Children Collection
|e Cawangan Bandar Penawar
|
| 999 |
|
|
|a 0000878138
|b Book
|c Children Collection
|e Cawangan Tmn. Ungku Tun Aminah
|
| 999 |
|
|
|a 0000880001
|b Book
|c Children Collection
|e Cawangan Tmn. Ungku Tun Aminah
|
| 999 |
|
|
|a 0000970724
|b Book
|c Children Collection
|e Perbadanan Perpustakaan Awam Johor
|
| 999 |
|
|
|a 0000970725
|b Book
|c Children Collection
|e Perbadanan Perpustakaan Awam Johor
|
| 999 |
|
|
|a 0000970726
|b Book
|c Children Collection
|e Perbadanan Perpustakaan Awam Johor
|
| 999 |
|
|
|a 0000982780
|b Book
|c Children Collection
|e Cawangan Segamat
|
| 999 |
|
|
|a 0000982781
|b Book
|c Children Collection
|e Cawangan Tmn. Ungku Tun Aminah
|